| 000 | 01228nam a22003137a 4500 | ||
|---|---|---|---|
| 005 | 20240530110846.0 | ||
| 008 | 200912s2020 ua a f b 000 0dara d | ||
| 017 |
_a2018/14588 _bمصر. دار الكتب |
||
| 020 | _a9789778123272 | ||
| 040 |
_aEG-CaGPL _cEG-CaGPL |
||
| 082 | 0 | 4 |
_221 _a358.17 _bج أ |
| 100 | 0 | _aجهاد عودة | |
| 245 | 1 | 2 |
_aالازمة الاستراتيجية للصواريخ الدولية / _cجهاد عودة |
| 250 | _aط.1 | ||
| 260 |
_aالقاهرة : _bالمكتب العربى للمعارف، _c2020 |
||
| 300 |
_a522 ص. ؛ _c24 سم. |
||
| 504 | _aيشتمل على ارجاعات ببليوجرافية | ||
| 650 | 0 | 7 |
_2qrmak _aالتحالف التركى الايرانى |
| 650 | 0 | 7 |
_aالصواريخ _zايران |
| 650 | 0 | 7 |
_aالصواريخ _xتطوير |
| 650 | 0 | 7 |
_aالصواريخ _xتطوير _zالهند |
| 650 | 0 | 7 |
_aالصواريخ _xتطوير _zباكستان |
| 650 | 0 | 7 | _aالصواريخ الباليستية |
| 650 | 0 | 7 |
_aالصواريخ _zتركيا |
| 650 | 0 | 7 |
_aالصواريخ _zكوريا الشمالية |
| 650 | 0 | 7 |
_aالصواريخ _zاسرائيل |
| 942 |
_2ddc _cBK |
||
| 999 |
_c65844 _d65844 |
||